01706nam a2200301 a 450000100100000000500170001000800410002702000150006804000250008308200220010824501380013026000700026830000300033850400740036865000690044265000610051165000530057265000540062570000270067970000250070604900090073195201340074095201340087495201340100895201200114295201250126299900170138700002131620200930011307.0100906s2003 dr b 000 0 spa d a9993489085 aDO-SdBNPbspacBNPHU a928.617293bM194e00aMagisterio y creación :blos Henríquez Ureña /cEstudio crítico y selección Yolanda Ricardo ; presentación Mario Bonetti. aSanto Domingo :bPublicaciones de la Academia de Ciencias,c2003. a380 p. :bretr. ;c25 cm. aIncluye notas y referencias bibliográficas al pie de las páginas. 4aHenríquez ureña (familia)xEnsayos, conferencias, etc944544 4aLiteratura dominicanaxEnsayos, conferencias, etc923194 4aLiteratura dominicanaxHistoria y crítica9159 4aIntelectualesxEnsayos, conferencias, etc.9445451 aRicardo, Yolanda951411 aBonetti, Mario95148 aBNPD 001054708DSaGRbGRcCTd2010-09-06iLF1l0o928.617293 M194ep21316-30r2020-06-25te.3w2020-06-25yLFDSZPréstamo en sala 001054708DSaGRbGRcCTd2010-09-06iLF1l0o928.617293 M194ep21316-40r2020-06-25te.4w2020-06-25yLFDSZPréstamo en sala 001054708DSaGRbGRcCTd2010-09-06iLF1l0o928.617293 M194ep21316-50r2020-06-25te.5w2020-06-25yLFDSZPréstamo en sala 0010718PDaPDbPDcCTd2010-09-06iLF1l0o928.617293 M194ep21316-10r2020-06-25w2020-06-25yLFPDZNo se presta 0010718PDaPDbPDcCTd2010-09-06iLF1l0o928.617293 M194ep21316-20r2020-06-25te.2w2020-06-25yLFPDZNo se presta c20816d20816